000 00877nam a22002057a 4500
999 _c11173
_d11173
003 AR-CdUCM
008 190403b ||||| |||| 00| 0 spa d
040 _aMUNICIPALIDAD PROVINCIAL DEL CUSCO
_cBIBLIOTECA MUNICIPAL DEL CUSCO
082 _a848.94 /
_bSA26 / 1949
100 _aSartre, Jean Paul
_9911
245 _aEl ser y la nada :
_bEnsayo de ontologia fenomenológica /
260 _aBuenos Aires :
_bIbero americana,
_c1949.
300 _a288 paginas ;
_c23 cm.
505 _aContenido : t.3 : El psico análisis existencialista -- Ser y hacer: la libertad -- Hacer y tener -- El psicoanálisis existencial -- La posesión -- De la cualidad como reveladora del ser -- Tanteos metafísicos.
650 _aPsicología y psicoanálisis
_928391
650 _aExistencialismo
_914068
650 _aPensar, sentir y actuar
_928392
942 _2ddc
_cLIBROS
945 _awnts